01251nab a2200253uuc4500001000800000005001700008008004100025035001200066040001300078041000800091100003100099245012700130500043200257650003200689650001200721650001300733650001700746650001000763700002700773700002900800700003100829700003400860773010300894137146520240924091227.0140521e20120105 spa  a1371465 ccomduadb aspa10aCampos, Gusdanis4auteaut10aEstudio de recuperación de vanadio y níquel en un crudo pesado y en su fracción de asfaltenos y maltenos por ICP-OES aRESUMEN: Se evaluaron las posibles pérdidas de V y Ni durante el tratamiento aplicado a muestras de crudo, asfaltenos y maltenos, para su posterior análisis por espectrometría de emisión atómica con plasma inductivamente acoplado (ICP-OES). Las muestras se calcinaron y digirieron con ácido nítrico (HNO3) en recipientes de politerafluoroetileno (PTFE) colocados en una carcasa de acero inoxidable tipo autoclave. 7aQuímica analítica2lemb aVanadio aNíquel aAsfáltenos aCrudo10aRivas, Edwin4auteaut10aCáceres, Ana4auteaut10aBravo, Bélgica4auteaut10aAcevedo, Sócrates4auteaut0 tCiencia (Maracaibo, Venezuela)gVol. 20, No. 01, Ene.-Mar. 2012, 52-59w1285441x1315-20760618358